Econometrics. (Record no. 64320)
[ view plain ]
| 000 -LEADER | |
|---|---|
| fixed length control field | 00689cam1a220024100 4500 |
| 001 - CONTROL NUMBER | |
| control field | qce01886086 |
| 005 - DATE AND TIME OF LATEST TRANSACTION | |
| control field | 20190815102514.0 |
| 008 - FIXED-LENGTH DATA ELEMENTS--GENERAL INFORMATION | |
| fixed length control field | 770513c19651952nyu 001 0 eng d |
| 035 ## - SYSTEM CONTROL NUMBER | |
| System control number | (Sirsi) r33585 |
| 035 ## - SYSTEM CONTROL NUMBER | |
| System control number | (QCAT)lss01586245 |
| 035 ## - SYSTEM CONTROL NUMBER | |
| System control number | (UPRA)qce01886086 |
| 040 ## - CATALOGING SOURCE | |
| Modifying agency | UPRA |
| 100 1# - MAIN ENTRY--PERSONAL NAME | |
| Personal name | Tintner, Gerhard. |
| Linkage | A96998.1 |
| 245 10 - TITLE STATEMENT | |
| Title | Econometrics. |
| 260 ## - PUBLICATION, DISTRIBUTION, ETC. | |
| Place of publication, distribution, etc. | New York : |
| Name of publisher, distributor, etc. | Wiley, |
| Date of publication, distribution, etc. | 1965, c1952. |
| 490 0# - SERIES STATEMENT | |
| Series statement | Science editions |
| Linkage | S12002.1 |
| 500 ## - GENERAL NOTE | |
| General note | Includes index. |
| 500 ## - GENERAL NOTE | |
| General note | Reprint of 1965. |
| 504 ## - BIBLIOGRAPHY, ETC. NOTE | |
| Bibliography, etc. note | Includes bibliographical footnotes. |
| 650 #0 - SUBJECT ADDED ENTRY--TOPICAL TERM | |
| Topical term or geographic name entry element | Economics, Mathematical. |
| Linkage | S2925.1 |
| 949 ## - LOCAL PROCESSING INFORMATION (OCLC) | |
| a | HB171 |
| w | lcc |
| i | -39053 |
| m | MAIN |
| t | BOOK |
| l | ON-SHELF |
No items available.